| 000 | 00452nam a2200193Ia 4500 | ||
|---|---|---|---|
| 003 | OSt | ||
| 005 | 20250818110211.0 | ||
| 008 | 250729s2005 xx 000 0 und d | ||
| 020 | _a978-8176482196 | ||
| 040 | _cAL | ||
| 041 | _aeng | ||
| 082 | _a370.71 SINT | ||
| 100 |
_aRao V K _9221392 |
||
| 245 | _aPopulation education | ||
| 260 |
_aNew Delhi _bA P H Publishing _c2005 |
||
| 300 | _a357p | ||
| 650 |
_aEducation _9221393 |
||
| 942 |
_2ddc _cBED |
||
| 999 |
_c234988 _d234988 |
||